10 Most populous cities of each European country - Statistics

General Stats
  • This quiz has been taken 30 times
  • The average score is 164 of 428
Answer Stats
Country Cities Population % Correct
Finland Helsinki / Helsingfors 665,600
97%
Netherlands Amsterdam 921,400
93%
Greece Athína (Αθήνα) 643,500
93%
Ireland Baile Átha Cliath / Dublin 588,200
93%
Montenegro Bar (Бар) 42,000
93%
Spain Barcelona 1,636,800
93%
Serbia Beograd (Београд) 1,659,400
93%
Germany Berlin 3,677,500
93%
Romania București 1,717,000
93%
Hungary Budapest 1,706,900
93%
Vatican Città del Vaticano 500
93%
United Kingdom Glasgow 626,400
93%
Poland Kraków 800,700
93%
Luxembourg Lëtzebuerg / Luxembourg / Luxemburg 132,800
93%
Portugal Lisboa 545,200
93%
United Kingdom London 8,799,800
93%
Spain Madrid 3,266,100
93%
United Kingdom Manchester 551,900
93%
Italy Milano 1,371,500
93%
Monaco Monaco 38,300
93%
Russia Moskva (Москва) 13,010,100
93%
Germany München 1,487,700
93%
Italy Napoli 909,000
93%
Norway Oslo 709,000
93%
France Paris 2,102,700
93%
Portugal Porto 237,600
93%
Czech Republic Praha 1,275,400
93%
Latvia Rīga 605,800
93%
Italy Roma 2,860,000
93%
Netherlands Rotterdam 651,200
93%
Russia Sankt-Peterburg (Санкт-Петербу́рг) 5,601,900
93%
San Marino San Marino 4,000
93%
Bosnia and Herzegovina Sarajevo 275,500
93%
Bulgaria Sofiya (София) 1,480,800
93%
Sweden Stockholm 978,800
93%
Lithuania Vilnius 625,300
93%
Poland Warszawa 1,853,100
93%
Austria Wien 1,931,600
93%
Switzerland Bern 133,900
90%
Slovakia Bratislava 473,500
90%
Belgium Bruxelles / Brussel / Brüssel 188,700
90%
Ireland Corcaigh / Cork 222,300
90%
Netherlands Den Haag 549,200
90%
Germany Hamburg 1,906,400
90%
Denmark København 1,295,700
90%
United Kingdom Liverpool 486,100
90%
France Lyon 522,200
90%
France Marseille 870,300
90%
Belarus Minsk (Мінск / Минск) 1,877,600
90%
Albania Tirana 557,400
90%
Belgium Antwerpen 530,600
86%
United Kingdom Birmingham 1,144,900
86%
United Kingdom Edinburgh 518,500
86%
Italy Firenze 367,200
86%
Germany Frankfurt am Main 759,200
86%
Switzerland Genève 201,800
86%
Sweden Göteborg 578,300
86%
Ukraine Kyiv (Київ) 2,952,300
86%
France Nice 343,500
86%
Spain Sevilla 688,600
86%
North Macedonia Skopje (Скопје) / Shkup 526,500
86%
Italy Torino 847,300
86%
Spain Valencia 794,300
86%
Switzerland Zürich 415,200
86%
France Bordeaux 259,800
83%
Ireland Bré / Bray 32,600
83%
Moldova Chișinău 532,500
83%
Germany Düsseldorf 619,500
83%
Germany Köln 1,063,100
83%
Sweden Malmö 351,700
83%
Italy Palermo 676,100
83%
Kosovo Priština 198,900
83%
Iceland Reykjavík 139,900
83%
Estonia Tallinn 430,800
83%
Liechtenstein Vaduz 5,700
83%
Croatia Zagreb 665,800
83%
Andorra Andorra la Vella 22,400
79%
Italy Bari 316,500
79%
Spain Bilbao 346,800
79%
Italy Genova 580,100
79%
United Kingdom Leeds 811,956
79%
Germany Leipzig 601,900
79%
France Lille 236,200
79%
Slovenia Ljubljana 295,500
79%
Ukraine Odesa (Одеса) 1,010,500
79%
Montenegro Podgorica (Подгорица) 201,600
79%
Austria Salzburg 155,300
79%
Germany Stuttgart 626,300
79%
France Toulouse 498,000
79%
Switzerland Basel 177,600
76%
Norway Bergen 289,300
76%
Czech Republic Brno 379,500
76%
Ukraine Donets'k (Донецьк) 901,600
76%
Germany Essen 579,400
76%
Poland Gdańsk 470,600
76%
Austria Innsbruck 130,600
76%
France Nantes 320,700
76%
Croatia Split 150,400
76%
France Strasbourg 290,600
76%
Greece Thessaloníki (Θεσσαλονίκη) 317,800
76%
Italy Bologna 394,800
72%
United Kingdom Bristol 472,500
72%
Belgium Brugge 118,500
72%
Netherlands Eindhoven 235,700
72%
Austria Graz 292,600
72%
Ukraine Kharkiv (Харків) 1,421,100
72%
Bulgaria Plovdiv (Пловдив) 346,900
72%
Spain Zaragoza 675,000
72%
Denmark Aarhus 269,000
69%
Germany Dortmund 586,900
69%
Russia Ekaterinburg (Екатеринбург) 1,544,400
69%
Belgium Gent 265,100
69%
Switzerland Lausanne 139,100
69%
Norway Trondheim 212,700
69%
Netherlands Utrecht 367,800
69%
Bulgaria Varna (Варна) 332,700
69%
Poland Wrocław 674,300
69%
Romania Cluj-Napoca 286,600
66%
Lithuania Kaunas 298,800
66%
Russia Kazan' (Казань) 1,308,700
66%
Austria Linz 207,200
66%
Poland Łódź 670,600
66%
Ireland Luimneach / Limerick 94,200
66%
Ukraine L'viv (Львів) 717,300
66%
United Kingdom Sheffield 556,500
66%
Finland Turku / Åbo 198,200
66%
Hungary Debrecen 199,700
62%
Albania Durrës 175,100
62%
Greece Irákleio (Ηράκλειο) 151,300
62%
Slovakia Košice 228,200
62%
Belgium Liège 195,300
62%
Spain Málaga 574,700
62%
Serbia Novi Sad (Нови Сад) 341,600
62%
Finland Tampere / Tammerfors 249,700
62%
Moldova Tiraspol (Тираспол) 133,800
62%
Denmark Aalborg 113,400
59%
Finland Espoo / Esbo 306,800
59%
Ireland Gaillimh / Galway 83,500
59%
France Montpellier 299,100
59%
Spain Palma 416,100
59%
Poland Poznań 529,400
59%
Bosnia and Herzegovina Banja Luka 185,000
55%
Bulgaria Burgas (Бургас) 202,700
55%
Finland Oulu / Uleåborg 212,100
55%
Sweden Uppsala 237,600
55%
Belarus Brest (Брэст / Брест) 318,700
52%
Romania Constanța 263,700
52%
Ukraine Dnipro (Дніпро) 968,500
52%
Poland Lublin 336,300
52%
Switzerland Luzern 81,700
52%
Slovenia Maribor 113,800
52%
Denmark Odense 176,700
52%
Czech Republic Plzeň 168,700
52%
Liechtenstein Schaan 6,000
52%
Poland Szczecin 395,500
52%
Estonia Tartu 93,700
52%
Portugal Braga 193,300
48%
Belgium Charleroi 202,400
48%
Latvia Daugavpils 79,120
48%
Malta Il-Mosta / Mosta 23,500
48%
Russia Novosibirsk (Новосиби́рск) 1,633,600
48%
Russia Samara (Самара) 1,173,300
48%
Italy Catania 311,600
45%
Belarus Homieĺ / Gomel' (Гомель) 489,400
45%
Romania Iași 271,700
45%
Norway Kristiansand 115,600
45%
Bosnia and Herzegovina Mostar 105,800
45%
Belgium Namur 112,600
45%
Serbia Niš (Ниш) 260,200
45%
Czech Republic Ostrava 279,800
45%
Croatia Rijeka 108,600
45%
Norway Tromsø 78,000
45%
Russia Ufa (Уфа) 1,144,800
45%
Switzerland Biel / Bienne 55,200
41%
Russia Chelyabinsk (Челя́бинск) 1,189,500
41%
Netherlands Groningen 233,200
41%
Switzerland Lugano 63,200
41%
Sweden Norrköping 144,500
41%
Kosovo Peja / Peć 96,400
41%
Ireland Port Láirge / Waterford 53,500
41%
Croatia Zadar 63,300
41%
Lithuania Klaipėda 172,300
38%
Spain Las Palmas de Gran Canaria 379,900
38%
Greece Pátra (Πάτρα) 214,000
38%
Hungary Pécs 138,400
38%
Romania Timișoara 250,800
38%
Iceland Akureyri 19,200
34%
Netherlands Breda 184,100
34%
Sweden Jönköping 143,600
34%
Austria Klagenfurt am Wörthersee 102,600
34%
Greece Lárisa (Λάρισα) 146,900
34%
Spain Murcia 453,300
34%
Russia Nizhnyy Novgorod (Нижний Новгород) 1,228,200
34%
Sweden Örebro 157,000
34%
Poland Białystok 295,700
31%
North Macedonia Bitola (Битола) 85,200
31%
Sweden Linköping 165,500
31%
Estonia Narva 56,100
31%
Netherlands Nijmegen 177,400
31%
North Macedonia Ohrid (Охрид) 51,400
31%
Norway Stavanger 146,000
31%
Switzerland St. Gallen 75,800
31%
Albania Vlorë 130,800
31%
Belgium Anderlecht 122,500
28%
Moldova Bălți 102,500
28%
United Kingdom Bradford 546,400
28%
Romania Brașov 237,600
28%
Luxembourg Esch-Uelzecht / Esch-sur-Alzette / Esch an der Alzette 36,200
28%
Hungary Győr 132,100
28%
Kosovo Prizren 177,800
28%
Croatia Pula 52,400
28%
Denmark Roskilde 50,400
28%
Albania Shkodër 135,600
28%
Hungary Szeged 157,400
28%
Finland Vantaa / Vanda 243,500
28%
Netherlands Almere 214,700
24%
Albania Elbasan 141,700
24%
Denmark Esbjerg 72,300
24%
Sweden Helsingborg 150,100
24%
Slovenia Koper 25,800
24%
Finland Lahti / Lahtis 120,200
24%
Czech Republic Liberec 103,000
24%
Latvia Liepāja 67,400
24%
Czech Republic Olomouc 99,500
24%
Croatia Osijek 75,900
24%
Greece Peiraiás (Πειραιάς) 163,700
24%
San Marino Serravalle 11,000
24%
Belarus Viciebsk / Vitebsk (Віцебск / Витебск) 354,600
24%
Switzerland Winterthur 111,800
24%
Albania Berat 60,000
21%
Poland Bydgoszcz 339,100
21%
Slovenia Celje 37,900
21%
Belarus Hrodna / Grodno (Гродна / Гродно) 339,400
21%
Latvia Jelgava 54,700
21%
Finland Jyväskylä 146,000
21%
Montenegro Kotor (Котор) 22,800
21%
Ukraine Mykolaiv (Миколаїв) 470,000
21%
Estonia Pärnu 39,400
21%
Ukraine Sevastopol' (Севастополь) 547,800
21%
Lithuania Šiauliai 99,500
21%
Serbia Subotica (Суботица) 141,600
21%
Netherlands Tilburg 221,900
21%
Bosnia and Herzegovina Tuzla 111,000
21%
Sweden Västerås 156,800
21%
Slovakia Žilina 81,900
21%
Romania Craiova 234,100
17%
Ireland Dún Dealgan / Dundalk 39,000
17%
Albania Fier 120,700
17%
Romania Galați 217,900
17%
Albania Korçë 76,000
17%
Russia Krasnoyarsk (Красноя́рск) 1,187,800
17%
North Macedonia Kumanovo (Куманово) / Kumanovë 98,100
17%
Finland Kuopio 122,600
17%
Andorra La Massana 10,200
17%
Belgium Leuven 102,200
17%
Belarus Mahilioŭ / Mogilev (Магілёў / Могилёв) 361,800
17%
Finland Pori / Björneborg 83,200
17%
Denmark Randers 62,600
17%
Bulgaria Ruse (Русе) 143,400
17%
Malta San Pawl il-Baħar / St. Paul's Bay 32,000
17%
North Macedonia Tetovo (Тетово) / Tetovë 84,800
17%
Austria Villach 64,100
17%
Bosnia and Herzegovina Zenica 110,700
17%
Slovakia Banská Bystrica 75,300
14%
Belarus Barysaŭ / Borisov (Барысаў / Борисов) 148,360
14%
Malta Birkirkara 24,400
14%
Bosnia and Herzegovina Brčko 83,500
14%
Andorra Canillo 4,300
14%
Luxembourg Diddeleng / Dudelange / Düdelingen 20,900
14%
Ireland Droichead Átha / Drogheda 41,000
14%
Andorra Encamp 11,700
14%
Montenegro Herceg Novi (Херцег Нови) 30,600
14%
Latvia Jūrmala 50,600
14%
Iceland Kópavogur 38,000
14%
Serbia Kragujevac (Крагујевац) 179,400
14%
Hungary Miskolc 147,500
14%
Montenegro Nikšić (Никшић) 69,200
14%
Slovakia Nitra 77,600
14%
Andorra Ordino 4,900
14%
Czech Republic Pardubice 88,500
14%
Belarus Pinsk (Пінск / Пинск) 131,700
14%
Bulgaria Pleven (Плèвен) 101,000
14%
Belgium Schaerbeek / Schaarbeek 130,700
14%
Bulgaria Sliven (Сливен) 83,700
14%
Slovakia Trnava 63,200
14%
Croatia Varaždin 36,400
14%
Denmark Vejle 55,900
14%
Portugal Vila Nova de Gaia 302,100
14%
Ukraine Zaporizhzhya (Запоріжжя) 710,100
14%
Iceland Akranes 8,000
10%
Lithuania Alytus 53,500
10%
Liechtenstein Balzers 4,600
10%
Moldova Bender (Бендер) 91,000
10%
Montenegro Budva (Будва) 22,100
10%
Bulgaria Dobrich (Добрич) 79,300
10%
Kosovo Gjakova / Đakovica 94,600
10%
Kosovo Gjilan / Gnjilane 90,200
10%
Latvia Jēkabpils 21,400
10%
Slovenia Kranj 37,900
10%
Estonia Kuressaare 13,300
10%
Kosovo Mitrovicë / Kosovska Mitrovica 71,900
10%
Slovenia Novo Mesto 24,200
10%
Romania Oradea 183,100
10%
Lithuania Panevėžys 89,100
10%
Romania Ploiești 180,500
10%
Slovenia Ptuj 18,000
10%
Bulgaria Shumen (Шумен) 72,300
10%
Portugal Sintra 377,200
10%
Ireland Sord / Swords 42,700
10%
Bulgaria Stara Zagora (Стара Загора) 158,600
10%
Malta Tas-Sliema / Sliema 22,600
10%
Slovakia Trenčín 54,500
10%
Liechtenstein Triesen 5,300
10%
Latvia Ventspils 33,000
10%
Estonia Viljandi 17,500
10%
San Marino Acquaviva 2,200
7%
Portugal Almada 174,000
7%
Iceland Árborg 9,500
7%
San Marino Borgo Maggiore 6,900
7%
Czech Republic České Budějovice 93,400
7%
Luxembourg Déifferdeng / Differdange / Differdingen 26,200
7%
Luxembourg Dikrech / Diekirch 6,800
7%
Kosovo Ferizaj / Uroševac 108,600
7%
San Marino Fiorentino 2,600
7%
Liechtenstein Gamprin 1,700
7%
North Macedonia Gostivar (Гостивар) 59,800
7%
Luxembourg Gréiwemaacher / Grevenmacher 4,900
7%
Czech Republic Hradec Králové 90,600
7%
Greece Kallithéa (Καλλιθέα) 96,100
7%
Croatia Karlovac 42,000
7%
Estonia Kohtla-Järve 34,400
7%
Denmark Kolding 60,300
7%
Serbia Leskovac (Лесковац) 144,200
7%
Albania Lushnjë 54,800
7%
Liechtenstein Mauren 4,400
7%
Latvia Ogre 22,900
7%
Greece Persitéri (Περιστέρι) 140,000
7%
Slovakia Prešov 83,900
7%
North Macedonia Prilep (Прилеп) 69,000
7%
Estonia Rakvere 15,400
7%
Liechtenstein Ruggell 2,300
7%
Estonia Sillamäe 13,000
7%
Hungary Szombathely 78,000
7%
Liechtenstein Triesenberg 2,600
7%
Czech Republic Ústí nad Labem 90,400
7%
Slovenia Velenje 24,300
7%
North Macedonia Veles (Велес) 48,500
7%
Austria Wels 63,200
7%
Luxembourg Wolz / Wiltz 6,900
7%
Greece Acharnés (Αχαρνές) 108,100
3%
Ireland An Uaimh / Navan 30,200
3%
Norway Bærum 129,900
3%
Belarus Baranavičy / Baranovichi (Баранавічы / Барановичи) 169,800
3%
Montenegro Berane (Беране) 31,900
3%
Moldova Cahul 30,000
3%
Portugal Cascais 205,100
3%
San Marino Chiesanuova 1,200
3%
Moldova Comrat 20,100
3%
Bosnia and Herzegovina Doboj 71,400
3%
Andorra Escaldes-Engordany 14,600
3%
Liechtenstein Eschen 4,500
3%
San Marino Faetano 1,200
3%
Iceland Fjarðabyggð 5,100
3%
Norway Frederikstad 84,400
3%
Malta Ħaż-Żabbar / Żabbar 15,600
3%
Denmark Horsens 58,500
3%
Luxembourg Iechternach / Echternach 5,600
3%
Greece Kalamariá (Καλαμαριά) 92,200
3%
Hungary Kecskemét 108,800
3%
Ukraine Kryvyy Rih (Кривий Ріг) 603,900
3%
Estonia Maardu 15,200
3%
Lithuania Marijampolė 36,200
3%
Portugal Matosinhos 175,500
3%
San Marino Montegiardino 1,000
3%
Hungary Nyíregyháza 115,500
3%
Moldova Orhei 21,100
3%
Kosovo Podujeva / Podujevo 88,500
3%
Iceland Reykjanesbær 19,700
3%
Latvia Rēzekne 26,500
3%
Moldova Rîbnița (Рыбница) 47,900
3%
Montenegro Rožaje (Рожаје) 23,000
3%
Austria Sankt Pölten 56,400
3%
Andorra Sant Julià de Lòria 9,400
3%
Liechtenstein Schellenberg 1,100
3%
Croatia Šibenik 31,100
3%
Croatia Slavonski Brod 45,100
3%
Moldova Soroca 22,200
3%
North Macedonia Struga (Струга) / Strugë 51,000
3%
North Macedonia Strumica (Струмица) 50,000
3%
Kosovo Suhareka / Suva Reka 59,700
3%
Hungary Székesfehérvár 94,900
3%
Moldova Ungheni 30,800
3%
Lithuania Utena 25,400
3%
Latvia Valmiera 22,800
3%
Kosovo Vushtrri / Vučitrn 69,900
3%
Belarus Babrujsk / Bobruysk (Бабруйск / Бобруйск) 215,700
0%
Bosnia and Herzegovina Bijeljina 107,700
0%
Montenegro Bijelo Polje (Бијело Поље) 42,200
0%
San Marino Dormagnano 3,600
0%
Austria Dornbirn 50,400
0%
Luxembourg Ettelbréck / Ettelbruck / Ettelbrück 9,200
0%
Iceland Garðabær 16,900
0%
Iceland Hafnarfjörður 30,000
0%
Malta Ħal Qormi / Qormi 16,800
0%
Bosnia and Herzegovina Ilidža 66,700
0%
Malta In-Naxxar / Naxxar 14,900
0%
Malta Is-Swieqi / Swieqi 14,500
0%
Lithuania Jonava 26,400
0%
Albania Kamez 104,200
0%
Slovenia Kamnik 13,800
0%
Serbia Kraljevo (Краљево) 125,400
0%
Serbia Kruševac (Крушевац) 128,800
0%
Portugal Loures 205,600
0%
Slovakia Martin 51,800
0%
Lithuania Mažeikiai 32,500
0%
Iceland Mosfellsbær 12,100
0%
Serbia Pančevo (Панчево) 123,400
0%
Montenegro Pljevlja (Пљевља) 27,000
0%
Slovakia Poprad 49,400
0%
Bosnia and Herzegovina Prijedor 89,400
0%
Luxembourg Rëmeleng / Rumelange / Rümelingen 5,500
0%
Norway Sandnes 85,400
0%
Malta San Ġwann 14,700
0%
Portugal Seixal 184,300
0%
Norway Skien 54,900
0%
Slovenia Trbovlje 13,800
0%
Malta Wied il-Għajn / Marsaskala 14,600
0%
Serbia Zrenjanin (Зрењанин) 123,400
0%
No matching quizzes found
Score Distribution
Percent of People with Each Score
Percentile by Number Answered
Your Score History
You have not taken this quiz